000 00299nam a2200133Ia 4500
005 20251222152620.0
008 251222s9999||||xx |||||||||||||| ||spa||
082 _a863.3/Q37
100 _aQuevedo, Francisco de
245 0 _aEl Buscón
250 _a1ra.ed.
264 _bGrupo Zeta
942 _cLIB
999 _c27306
_d27306